A history of the British army, (Record no. 552241)
[ view plain ]
| 000 -LEADER | |
|---|---|
| fixed length control field | 00602cam a2200157 4500 |
| 082 ## - DEWEY DECIMAL CLASSIFICATION NUMBER | |
| Classification number | 355.00942 |
| Author Mark | FOR |
| 100 1# - MAIN ENTRY--PERSONAL NAME | |
| Personal name | Fortescue, J. W. |
| 9 (RLIN) | 49223 |
| 245 12 - TITLE STATEMENT | |
| Title | A history of the British army, |
| Statement of responsibility, etc. | by the Hon. J. W. Fortescue. |
| 260 ## - PUBLICATION, DISTRIBUTION, ETC. | |
| Place of publication, distribution, etc. | London, |
| Name of publisher, distributor, etc. | Macmillan and co., limited; |
| Place of publication, distribution, etc. | New York, |
| Name of publisher, distributor, etc. | The Macmillan company, |
| Date of publication, distribution, etc. | 1899-1930. |
| 300 ## - PHYSICAL DESCRIPTION | |
| Extent | 13 v. in 14. |
| Other physical details | maps (part fold.) plans (part fold.) |
| Dimensions | 23 cm. |
| 500 ## - GENERAL NOTE | |
| General note | "Maps and plans" illustrating vol. IV has half-title only. |
| 526 ## - STUDY PROGRAM INFORMATION NOTE | |
| Program name | 0 |
| Interest level | 0 |
| Reading level | 0 |
| Title point value | 355_009420000000000_FOR |
| 526 ## - STUDY PROGRAM INFORMATION NOTE | |
| Program name | 0 |
| Interest level | 0 |
| Reading level | 0 |
| Title point value | 355_009420000000000_FOR |
| 650 ## - SUBJECT ADDED ENTRY--TOPICAL TERM | |
| Topical term or geographic name entry element | MCE |
| 9 (RLIN) | 379 |
| 942 ## - ADDED ENTRY ELEMENTS (KOHA) | |
| Source of classification or shelving scheme | |
| Koha item type | Book |
| Withdrawn status | Lost status | Source of classification or shelving scheme | Damaged status | Not for loan | Permanent Location | Current Location | Shelving location | Date acquired | Total Checkouts | Full call number | Barcode | Date last seen | Price effective from | Koha item type |
|---|---|---|---|---|---|---|---|---|---|---|---|---|---|---|
| Military College of Engineering (MCE) | Military College of Engineering (MCE) | 01/13/2015 | 355.00942 FOR | MCE-ECH/29 | 01/13/2015 | 01/13/2015 | Book | |||||||
| Military College of Engineering (MCE) | Military College of Engineering (MCE) | 01/13/2015 | 355.00942 FOR | MCE-ECH/62 | 01/13/2015 | 01/13/2015 | Book |
